TEXT BOOK OF MEDICAL PHYSIOLOGY (Record no. 8377)
[ view plain ]
| 000 -LEADER | |
|---|---|
| fixed length control field | 00306nam a22001457a 4500 |
| 003 - CONTROL NUMBER IDENTIFIER | |
| control field | SGT |
| 082 ## - DEWEY DECIMAL CLASSIFICATION NUMBER | |
| Classification number | 612 |
| Item number | T15K |
| 100 ## - MAIN ENTRY--PERSONAL NAME | |
| Personal name | KHURANA,INDU |
| 245 ## - TITLE STATEMENT | |
| Title | TEXT BOOK OF MEDICAL PHYSIOLOGY |
| 250 ## - EDITION STATEMENT | |
| Edition statement | 2ND |
| 260 ## - PUBLICATION, DISTRIBUTION, ETC. (IMPRINT) | |
| Place of publication, distribution, etc | DELHI |
| Name of publisher, distributor, etc | ELSEVIER |
| Year of Publication | 2015 |
| 300 ## - PAGE DESCRIPTION | |
| No. of Pages | 1289 |
| 650 ## - SUBJECT ADDED ENTRY--TOPICAL TERM | |
| Topical term or geographic name as entry element | PHYSIOLOGY |
| 942 ## - ADDED ENTRY ELEMENTS (KOHA) | |
| Source of classification or shelving scheme | Dewey Decimal Classification |
| Koha item type | Books |
| 942 ## - ADDED ENTRY ELEMENTS (KOHA) | |
| -- | 11 |
| Withdrawn status | Lost status | Source of classification or shelving scheme | Damaged status | Use restrictions | Not for loan | Collection code | Home library | Current library | Shelving location | Date acquired | Vendor Name | Cost, normal purchase price | SGTU | Bill Number | Full call number | Accession No. (Barcode) | Date last seen | Bill Date | Koha item type | Total Checkouts | Date last borrowed |
|---|---|---|---|---|---|---|---|---|---|---|---|---|---|---|---|---|---|---|---|---|---|
| Dewey Decimal Classification | Restricted Access | AYURVEDA | SGT FA-FP Library | SGT FA-FP Library | Reference Book | 14/03/2016 | AHUJA | 1645.00 | SGTU | 6404 | 612 T15K | FA3476 | 14/03/2016 | 22/12/2015 | Books | ||||||
| Dewey Decimal Classification | AYURVEDA | SGT FA-FP Library | SGT FA-FP Library | Text Book | 14/03/2016 | AHUJA | 1645.00 | SGTU | 6404 | 612 T15K | FA3477 | 03/05/2017 | 22/12/2015 | Books | 3 | 24/04/2017 | |||||
| Dewey Decimal Classification | AYURVEDA | SGT FA-FP Library | SGT FA-FP Library | Text Book | 14/03/2016 | AHUJA | 1645.00 | SGTU | 6404 | 612 T15K | FA3478 | 20/10/2022 | 22/12/2015 | Books | 3 | 10/10/2022 | |||||
| Dewey Decimal Classification | AYURVEDA | SGT FA-FP Library | SGT FA-FP Library | Text Book | 14/03/2016 | AHUJA | 1645.00 | SGTU | 6404 | 612 T15K | FA3479 | 06/10/2022 | 22/12/2015 | Books | 5 | 19/09/2022 | |||||
| Dewey Decimal Classification | AYURVEDA | SGT FA-FP Library | SGT FA-FP Library | Text Book | 14/03/2016 | AHUJA | 1645.00 | SGTU | 6404 | 612 T15K | FA3480 | 29/11/2022 | 22/12/2015 | Books | 5 | 09/11/2022 | |||||
| Dewey Decimal Classification | AYURVEDA | SGT FA-FP Library | SGT FA-FP Library | Text Book | 14/03/2016 | AHUJA | 1645.00 | SGTU | 6404 | 612 T15K | FA3481 | 14/03/2016 | 22/12/2015 | Books |